000 00289nam a2200121Ia 4500
008 190216s9999||||xx |||||||||||||| ||und||
100 _aMaoria C B
245 0 _aPrinciples And Practice Of Marketing Management
260 _bKitab Mahal
300 _a916
650 _aCommerce
942 _cBK
999 _c7072
_d7072